| 000 | 00418nam a22001697a 4500 | ||
|---|---|---|---|
| 999 |
_c532661 _d532661 |
||
| 003 | NUST | ||
| 005 | 20191127125641.0 | ||
| 008 | 191127b ||||| |||| 00| 0 eng d | ||
| 027 | _q B07C88JRXW | ||
| 038 | _aMSOHAIL | ||
| 082 | _a0 | ||
| 100 |
_aDr. Israr Ahmed _926279 |
||
| 245 | _aMinhej Inquilab -e- Nabvi (S.A.W.) | ||
| 260 |
_aLahore _bMaktaba Kharamul Quran _cc2012 |
||
| 300 | _ap; 376 | ||
| 942 |
_2ddc _cBK |
||